| 000 | 02464nam a22007217a 4500 | ||
|---|---|---|---|
| 999 |
_c867 _d867 |
||
| 001 | 000729 | ||
| 003 | CoMeUDC000729 | ||
| 005 | 20190118223109.0 | ||
| 008 | 130821s1997 ck gr spa | ||
| 020 | _a1200729718 | ||
| 040 |
_aCo-BoUCM _bspa _cCoMeUDC |
||
| 041 | 0 | 0 | _aspa |
| 082 | 0 | 4 |
_a350 _220 _bC718g |
| 245 | 0 | 3 |
_aLa ley en sus manos Guía legal de la administración pública / _cCompilador Fabio Villa Rodríguez. |
| 250 | _a1a. ed. | ||
| 260 |
_aMedellín (Antioquia, Colombia) : _bBiblioteca Jurídica Dike, _c1997 |
||
| 300 | _a791 páginas ; | ||
| 504 | _aIncluye índice. | ||
| 630 |
_aDecreto 111 de 1996 _94907 |
||
| 630 |
_aDecreto 1221 de 1993 _95352 |
||
| 630 |
_aDecreto 1222 de 1993 _95355 |
||
| 630 |
_aDecreto 1223 de 1993 _95357 |
||
| 630 |
_aDecreto 1224 de 1993 _95359 |
||
| 630 |
_aDecreto 2260 de 1996 _94940 |
||
| 630 |
_aDecreto 2676 de 1993 _95814 |
||
| 630 |
_aDecreto 2680 de 1993 _95815 |
||
| 630 |
_aDecreto 568 de 1995 _96114 |
||
| 630 |
_aDecreto 679 de 1994 _96174 |
||
| 630 |
_aDecreto 805 de 1994 _96217 |
||
| 630 |
_aDecreto 855 de 1994 _96233 |
||
| 630 |
_aLey 100 de 1993 _95021 |
||
| 630 |
_aLey 104 de 1993 _96431 |
||
| 630 |
_aLey 105 de 1993 _96434 |
||
| 630 |
_aLey 115 de 1994 _96467 |
||
| 630 |
_aLey 124 de 1994 _95024 |
||
| 630 |
_aLey 128 de 1994 _96498 |
||
| 630 |
_aLey 130 de 1994 _96506 |
||
| 630 |
_aLey 134 de 1994 _95025 |
||
| 630 |
_aLey 136 de 1994 _95027 |
||
| 630 |
_aLey 140 de 1994 _96532 |
||
| 630 |
_aLey 142 de 1994 _95028 |
||
| 630 |
_aLey 143 de 1994 _95029 |
||
| 630 |
_aLey 152 de 1994 _96552 |
||
| 630 |
_aLey 177 de 1994 _96574 |
||
| 630 |
_aLey 200 de 1994 _96605 |
||
| 630 |
_aLey 42 de 1993 _96746 |
||
| 630 |
_aLey 60 de 1993 _96837 |
||
| 630 |
_aLey 70 de 1993 _96876 |
||
| 630 |
_aLey 80 de 1993 _95073 |
||
| 630 |
_aLey 80 de 1993 _95073 |
||
| 630 |
_aLey 87 de 1993 _96955 |
||
| 630 |
_aLey 99 de 1993 _97011 |
||
| 650 | 0 | 4 |
_aAdministración pública _9355 |
| 650 | 0 | 4 |
_aAuditoría administrativa _zColombia _99746 |
| 650 | 0 | 4 |
_aAuditoria fiscal _zColombia _99752 |
| 650 | 0 | 4 |
_aCarrera administrativa _zColombia _910524 |
| 650 | 0 | 4 |
_aContratos administrativos _zColombia _97452 |
| 650 | 0 | 4 |
_aFuncionarios públicos _zColombia _97643 |
| 651 |
_aColombia _xAdministración pública _926606 |
||
| 651 |
_aColombia _xHistoria constitucional _926606 |
||
| 700 | 1 | _aVilla Rodríguez, Fabio | |
| 942 |
_cBK _a16 _e1 _mL39 _2ddc _h350 |
||